[Event "Pamplona 9495"]
[Site "Pamplona"]
[Date "1994.??.??"]
[Round "?"]
[White "Topalov, Veselin"]
[Black "Franco Ocampos, Zenon"]
[Result "1/2-1/2"]
[WhiteElo "2630"]
[BlackElo "2490"]
[PlyCount "130"]
[EventDate "1994.12.??"]
[Source "ChessBase"]

1. e4 e5 2. Nf3 d6 3. d4 Nd7 4. Bc4 c6 5. O-O Be7 6. dxe5 dxe5 7. Ng5 Bxg5 8. Qh5 Qe7 9. Qxg5 Qxg5 10. Bxg5 Ngf6 11. f3 b5 12. Be2 Nb6 13. Nd2 Be6 14. b3 Nfd7 15. Rfc1 f6 16. Be3 Ke7 17. c4 bxc4 18. Nxc4 Nxc4 19. Bxc4 Bxc4 20. Rxc4 Rhc8 21. Rac1 Kd6 22. h4 Nb6 23. Rc5 Rc7 24. Ra5 Nd7 25. Kf2 a6 26. Rd1+ Ke6 27. g3 Rb7 28. Ra4 a5 29. Rc4 Ra6 30. Rd2 Rb4 31. Rc1 Rb7 32. h5 a4 33. bxa4 c5 34. Bxc5 Nxc5 35. Rxc5 Rxa4 36. g4 h6 37. Kg3 Rba7 38. Rdc2 Kf7 39. Rc7+ Rxc7 40. Rxc7+ Kg8 41. Rc2 Ra3 42. Kf2 Kf7 43. Ke2 g5 44. Rb2 Kf8 45. Kd2 Rxf3 46. a4 Ke7 47. a5 Kd6 48. Rb6+ Kc5 49. Kc2 Ra3 50. Ra6 Kb5 51. Rxf6 Rxa5 52. Rxh6 Kc4 53. Rc6+ Kd4 54. Rg6 Ra2+ 55. Kb3 Rh2 56. Rxg5 Kxe4 57. Rg6 Kf3 58. h6 e4 59. g5 e3 60. Kc3 e2 61. Kd2 Rh1 62. Re6 Kf4 63. g6 e1=Q+ 64. Rxe1 Rxh6 65. g7 Rg6 1/2-1/2

[Event "Agios Nikolaos"]
[Site "?"]
[Date "1995.??.??"]
[Round "?"]
[White "Kotronias, V."]
[Black "Skembris, S."]
[Result "1/2-1/2"]
[WhiteElo "2590"]
[BlackElo "2525"]
[PlyCount "99"]
[EventDate "1995.??.??"]
[Source "ChessBase"]
[SourceDate "1995.10.01"]

1. e4 e5 2. Nf3 d6 3. d4 exd4 4. Qxd4 a6 5. Bg5 Nc6 6. Qe3 Be7 7. Nc3 Nf6 8. h3 Be6 9. O-O-O Nd7 10. Bf4 O-O 11. Kb1 Bf6 12. Ng5 Qe7 13. g4 Rae8 14. Nxe6 fxe6 15. Bg3 Nc5 16. Ne2 Bh4 17. Bxh4 Qxh4 18. f4 g5 19. fxg5 Ne5 20. Nd4 Nxg4 21. Qe1 Qxe1 22. Rxe1 Nf2 23. Rh2 Nfxe4 24. h4 e5 25. Nb3 Rf4 26. Nxc5 Nxc5 27. b3 Kg7 28. Kb2 a5 29. a3 Ref8 30. Bc4 Rg4 31. Re3 Rff4 32. Reh3 c6 33. Be2 Rg1 34. c4 Ne6 35. b4 Rd4 36. Rd3 Rxd3 37. Bxd3 Nf4 38. Bf5 axb4 39. axb4 d5 40. cxd5 cxd5 41. Rc2 Rg2 42. Rxg2 Nxg2 43. h5 h6 44. g6 Nf4 45. Bg4 e4 46. Kc3 e3 47. b5 b6 48. Kd4 e2 49. Bxe2 Nxe2+ 50. Kxd5 1/2-1/2

[Event "Avoine"]
[Site "?"]
[Date "2001.07.26"]
[Round "6"]
[White "Apicella Manuel"]
[Black "Nevednichy Vladislas"]
[Result "0-1"]
[WhiteElo "2524"]
[BlackElo "2588"]
[PlyCount "148"]
[EventDate "2001.??.??"]
[Source "www.chesslib.no"]
[SourceDate "2004.05.04"]

1. e4 e5 2. Nf3 d6 3. d4 exd4 4. Nxd4 Nf6 5. Nc3 Be7 6. Bc4 O-O 7. O-O Re8 8. Re1 Bf8 9. Bg5 c6 10. a4 a5 11. Qd2 Nbd7 12. Rad1 Ne5 13. Bb3 h6 14. Bh4 Ng6 15. Bg3 Nh5 16. Re3 Ne5 17. h3 Nxg3 18. Rxg3 Qh4 19. Qe3 Qf6 20. Nce2 Kh8 21. c3 Bd7 22. f4 Ng6 23. Rf1 Nh4 24. Qd3 Qe7 25. Bc2 c5 26. Nb5 f5 27. e5 Bxb5 28. Qxb5 dxe5 29. fxe5 Qxe5 30. Nf4 g5 31. Qc4 Rad8 32. Bb3 Bg7 33. Nh5 Qe2 34. Nxg7 Qxc4 35. Bxc4 Kxg7 36. Rd3 Rxd3 37. Bxd3 Kf6 38. Rb1 Re3 39. Bf1 b6 40. Rd1 f4 41. Rd6+ Re6 42. Rd8 Nf5 43. Rf8+ Ke5 44. Bc4 Re7 45. Rb8 Ne3 46. Be2 Re6 47. Kf2 Kf6 48. Rh8 Kg7 49. Rd8 Nf5 50. Rd7+ Re7 51. Rd8 Ng3 52. Bf3 Nh1+ 53. Kf1 h5 54. Rd5 Ng3+ 55. Kf2 Kf6 56. b4 Re5 57. Rd6+ Re6 58. Rd5 Re5 59. Rd6+ Kf5 60. bxa5 bxa5 61. Rd8 Ne4+ 62. Kf1 Nxc3 63. Bxh5 Nxa4 64. Rd6 Re3 65. Ra6 Nc3 66. Rxa5 Ne4 67. Bf3 Nd2+ 68. Kf2 Rc3 69. Bb7 Nb3 70. Ra8 Rc2+ 71. Kf1 c4 72. Re8 Nc5 73. Bf3 Kf6 74. Be4 Rd2 0-1

[Event "(Betins Mem)"]
[Site "corr (Betins Mem)"]
[Date "1971.??.??"]
[Round "?"]
[White "Vitols, Karlis"]
[Black "Maly, Norbert"]
[Result "0-1"]
[WhiteElo "2600"]
[BlackElo "2510"]
[PlyCount "48"]
[EventDate "1971.??.??"]
[Source "www.chesslib.no"]
[SourceDate "2004.05.04"]

1. e4 e5 2. Nf3 d6 3. d4 f5 4. exf5 e4 5. Ng5 Bxf5 6. Nc3 Nf6 7. f3 d5 8. fxe4 Nxe4 9. Ngxe4 dxe4 10. Be3 Bd6 11. Bc4 Nd7 12. Qe2 Nb6 13. Bb3 Qe7 14. O-O-O O-O-O 15. Nb5 a6 16. Nc3 Rhf8 17. g4 Bg6 18. h4 h6 19. g5 h5 20. Rdf1 Bg3 21. Qg2 Bd6 22. Ne2 Rf3 23. Rxf3 exf3 24. Qxf3 Rf8 0-1

[Event "Santo Domingo"]
[Site "?"]
[Date "2004.??.??"]
[Round "?"]
[White "Nataf, I._A."]
[Black "Luther, Th"]
[Result "1/2-1/2"]
[WhiteElo "2535"]
[BlackElo "2575"]
[PlyCount "65"]
[EventDate "2004.??.??"]
[Source "Chess Informant"]
[SourceDate "2004.06.01"]

1. e4 e5 2. Nf3 d6 3. d4 exd4 4. Nxd4 Nf6 5. Nc3 Be7 6. Bf4 O-O 7. Qd2 a6 8. O-O-O b5 9. f3 c5 10. Nf5 Bxf5 11. exf5 Nc6 12. g4 b4 13. Nd5 Nxd5 14. Qxd5 Bg5 15. Bxg5 Qxg5+ 16. Qd2 Qxd2+ 17. Rxd2 Nd4 18. c3 bxc3 19. bxc3 Nb5 20. Kc2 Rfb8 21. Bc4 Na3+ 22. Kd3 Re8 23. Bd5 Rab8 24. c4 Rb4 25. f4 Kf8 26. Rc1 Nb1 27. Rdd1 Reb8 28. Re1 Na3 29. Re2 a5 30. Bc6 R4b6 31. Bd5 Rb4 32. Bc6 R4b6 33. Bd5 1/2-1/2

[Event "Hastings 9091"]
[Site "Hastings"]
[Date "1990.??.??"]
[Round "?"]
[White "Sax, Gyula"]
[Black "Kosten, Anthony C"]
[Result "1-0"]
[WhiteElo "2600"]
[BlackElo "2510"]
[PlyCount "75"]
[EventDate "1990.12.??"]
[Source "ChessBase"]

1. e4 e5 2. Nf3 d6 3. d4 f5 4. dxe5 fxe4 5. Ng5 d5 6. e6 Bb4+ 7. c3 Bc5 8. Nxe4 Be7 9. Ng5 Bxg5 10. Qh5+ g6 11. Qxg5 Qxg5 12. Bxg5 Bxe6 13. Bf4 Nc6 14. Bxc7 Kd7 15. Bf4 Re8 16. Na3 Bg4+ 17. Kd2 Nf6 18. f3 Be6 19. Nb5 Nh5 20. Be3 a6 21. Nd4 Ne5 22. b3 Rhg8 23. Re1 g5 24. g4 Nf6 25. h4 Rgf8 26. Bg2 gxh4 27. Bh6 Ne4+ 28. fxe4 Rf2+ 29. Re2 Rxe2+ 30. Nxe2 Bxg4 31. Rxh4 Rg8 32. Bf4 Bxe2 33. Bh3+ Bg4 34. Bxe5 Bxh3 35. Rxh3 Rg2+ 36. Ke3 dxe4 37. Rxh7+ Ke6 38. Rh2 1-0

[Event "Moscow 5'"]
[Site "Moscow RUS"]
[Date "1972.??.??"]
[Round "?"]
[White "Tukmakov, Vladimir B"]
[Black "Kholmov, Ratmir D"]
[Result "1-0"]
[WhiteElo "2560"]
[BlackElo "2550"]
[PlyCount "101"]
[EventDate "1972.??.??"]
[Source "www.chesslib.no"]
[SourceDate "2004.05.04"]

1. e4 e5 2. Nf3 d6 3. d4 exd4 4. Qxd4 Nf6 5. Nc3 Be7 6. Bg5 O-O 7. O-O-O Nc6 8. Qd2 Re8 9. Kb1 Ng4 10. Bxe7 Qxe7 11. Bd3 Be6 12. Rhe1 Nge5 13. Qf4 Ng6 14. Qe3 a6 15. h3 Qf6 16. Nh2 Qf4 17. Qxf4 Nxf4 18. Bf1 Ne5 19. Ne2 Neg6 20. Nd4 Bd7 21. h4 Ne6 22. g3 Nxd4 23. Rxd4 b6 24. Nf3 Bb5 25. Bxb5 axb5 26. Rd5 Ra4 27. Nd2 Ne5 28. Rxb5 Rd4 29. Rd5 Ra4 30. b3 Ra3 31. f4 Ng4 32. Nc4 Ra7 33. e5 dxe5 34. Nxe5 c6 35. Rdd1 Rae7 36. Nf3 Ne3 37. Rd3 f6 38. Nd4 c5 39. Nb5 Nf5 40. Rxe7 Rxe7 41. a4 h5 42. Kb2 Re2 43. Na3 Rg2 44. Nc4 Nxg3 45. Nxb6 Ne2 46. Rd2 g5 47. a5 gxf4 48. a6 f3 49. a7 f2 50. a8=Q+ Kh7 51. Qxg2 1-0